000 00630nam a2200205Ia 4500
003 GCL
008 140319s9999 xx 000 0 ara d
040 _aGCL /
_cGCL
082 0 4 _a410
_bف ل
100 1 _aفاطمة الجامعى الحبابى
245 1 0 _aلغة ابى العلاء المعرى فى رسالة الغفران /
_cفاطمة الجامعى الحبابى
260 _a[S.N] :
_bدار المعارف ،
_c1988
300 _a519 ص
490 _a
650 0 4 _aطرق البحث
650 0 4 _aالاشتقاق
650 0 4 _aاللغة العربية
650 0 4 _aالبلاغة
942 _2ddc
_cBK
999 _c28324
_d28324